[Event "Voronezh op-B 23rd"]
[Site "Voronezh"]
[Date "2019.06.19"]
[Round "8"]
[White "Kiseleva, Arina"]
[Black "Astakhov, Alexander"]
[Result "1-0"]
[WhiteElo "2049"]
[BlackElo "1733"]
[PlyCount "45"]
[EventDate "2019.06.12"]
[EventType "swiss"]
[EventRounds "9"]
[EventCountry "RUS"]
[SourceTitle "EXT 2020"]
[Source "ChessBase"]
[SourceDate "2019.10.17"]
[SourceVersion "1"]
[SourceVersionDate "2019.10.17"]
[SourceQuality "1"]

1. Nf3 Nf6 2. c4 d5 3. cxd5 Nxd5 4. e4 Nb6 5. d4 Bg4 6. Be2 e6 7. Be3 Bb4+ 8. Nc3 0-0 9. 0-0 c6 10. a3 Be7 11. h3 Bxf3 12. Bxf3 Bg5 13. Qe2 Bxe3 14. fxe3 Qg5 15. e5 Nd5 16. Bxd5 exd5 17. e4 Qd8 18. exd5 cxd5 19. e6 Qb6 20. exf7+ Kh8 21. Qe8 Qxd4+ 22. Kh1 Qc5 23. b4 1-0

[Event "Voronezh op-B 23rd"]
[Site "Voronezh"]
[Date "2019.06.15"]
[Round "4"]
[White "Gutkovich, Polina"]
[Black "Astakhov, Alexander"]
[Result "1-0"]
[WhiteElo "2029"]
[BlackElo "1733"]
[PlyCount "129"]
[EventDate "2019.06.12"]
[EventType "swiss"]
[EventRounds "9"]
[EventCountry "RUS"]
[SourceTitle "EXT 2020"]
[Source "ChessBase"]
[SourceDate "2019.10.17"]
[SourceVersion "1"]
[SourceVersionDate "2019.10.17"]
[SourceQuality "1"]

1. d4 Nf6 2. c4 e5 3. dxe5 Ng4 4. Bf4 Nc6 5. Nf3 Bb4+ 6. Nbd2 Qe7 7. e3 Ngxe5 8. Nxe5 Nxe5 9. Be2 0-0 10. 0-0 Bxd2 11. Qxd2 d6 12. b4 b6 13. Bg3 a5 14. c5 bxc5 15. bxc5 Ba6 16. Bxa6 Rxa6 17. Rab1 h5 18. Qe2 Rc6 19. cxd6 cxd6 20. Qxh5 Rc2 21. a4 Rfc8 22. Qd1 g6 23. h3 R8c3 24. Rb8+ Kg7 25. Rb5 Qc7 26. Qd5 Rc5 27. Rxc5 Rxc5 28. Qd4 Rc4 29. Qa1 f6 30. Qa3 Qc6 31. Bxe5 fxe5 32. Rd1 Rxa4 33. Qxd6 Qxd6 34. Rxd6 Ra1+ 35. Kh2 Kf7 36. Ra6 Ra2 37. Kg3 Ra4 38. h4 Ra2 39. f3 Ra3 40. e4 Ra4 41. Kg4 Ra2 42. g3 a4 43. f4 exf4 44. Kxf4 a3 45. Kg5 Re2 46. Rxa3 Rxe4 47. Ra7+ Kg8 48. g4 Re6 49. Kh6 Rb6 50. Rg7+ Kh8 51. Rxg6 Rb4 52. Kh5 Rb5+ 53. g5 Rb4 54. Ra6 Kg7 55. Ra7+ Kg8 56. g6 Rc4 57. Kg5 Rb4 58. h5 Rb5+ 59. Kh6 Rb8 60. Ra5 Rc8 61. Kg5 Kh8 62. h6 Rb8 63. h7 Kg7 64. Ra7+ Kh8 65. Kh6 1-0

[Event "Voronezh op-B 22nd"]
[Site "Voronezh"]
[Date "2018.06.17"]
[Round "6"]
[White "Mikheeva, Galina"]
[Black "Astakhov, Alexander"]
[Result "1/2-1/2"]
[WhiteElo "1716"]
[BlackElo "1762"]
[PlyCount "58"]
[EventDate "2018.06.12"]
[EventType "swiss"]
[EventRounds "9"]
[EventCountry "RUS"]
[SourceTitle "CBM 185 Extra"]
[Source "ChessBase"]
[SourceDate "2018.07.29"]
[SourceVersion "1"]
[SourceVersionDate "2018.07.29"]
[SourceQuality "1"]

1. e4 Nf6 2. e5 Nd5 3. d4 d6 4. Nf3 Bg4 5. Be2 g6 6. h3 Bxf3 7. Bxf3 c6 8. Qe2 Bg7 9. 0-0 0-0 10. Re1 e6 11. c3 dxe5 12. dxe5 Nd7 13. Bxd5 cxd5 14. Bf4 Rc8 15. Nd2 Nb6 16. Qb5 a6 17. Qb3 Qc7 18. Nf3 Nc4 19. Re2 Rfd8 20. Rd1 b6 21. Qc2 b5 22. Rde1 Qa5 23. Qb3 Qc7 24. Qc2 Qb7 25. Nd4 Rc7 26. Qb3 Na5 27. Qd1 Nc4 28. Qb3 Na5 29. Qd1 Nc4 1/2-1/2

[Event "Voronezh op-B 19th"]
[Site "Voronezh"]
[Date "2015.06.19"]
[Round "7"]
[White "Moshkin, Mikhail"]
[Black "Astakhov, Alexander"]
[Result "1-0"]
[WhiteElo "1588"]
[BlackElo "1760"]
[PlyCount "61"]
[EventDate "2015.06.12"]
[EventType "swiss"]
[EventRounds "9"]
[EventCountry "RUS"]
[SourceTitle "CBM 167 Extra"]
[Source "ChessBase"]
[SourceDate "2015.09.14"]
[SourceVersion "1"]
[SourceVersionDate "2015.09.14"]
[SourceQuality "1"]

1. e4 Nf6 2. Nc3 d5 3. e5 d4 4. exf6 dxc3 5. bxc3 exf6 6. Nf3 Bg4 7. h3 Bh5 8. d4 Bd6 9. Be3 c6 10. Be2 0-0 11. 0-0 Nd7 12. Nh4 Bxe2 13. Qxe2 Re8 14. Qg4 Bf8 15. Bh6 g6 16. Bxf8 Nxf8 17. Rfe1 Qd5 18. Nf3 Re6 19. Rxe6 fxe6 20. Qf4 Kg7 21. Rb1 b6 22. Qc7+ Qd7 23. Qf4 Rd8 24. c4 Qe7 25. Rb3 c5 26. c3 Nd7 27. Qc7 Qe8 28. dxc5 Rc8 29. Qxa7 Rxc5 30. Rxb6 Kh6 31. Rb7 1-0

[Event "Voronezh op-B 18th"]
[Site "Voronezh"]
[Date "2014.06.20"]
[Round "9"]
[White "Koshelev, Vladimir"]
[Black "Astakhov, Alexander"]
[Result "0-1"]
[WhiteElo "1874"]
[BlackElo "1751"]
[PlyCount "116"]
[EventDate "2014.06.12"]
[EventType "swiss"]
[EventRounds "9"]
[EventCountry "RUS"]
[SourceTitle "EXT 2015"]
[Source "ChessBase"]
[SourceDate "2014.11.20"]
[SourceVersion "1"]
[SourceVersionDate "2014.11.20"]
[SourceQuality "1"]

1. d4 Nf6 2. Nf3 g6 3. Bg5 Bg7 4. Nbd2 0-0 5. e4 d6 6. c3 h6 7. Bxf6 Bxf6 8. Bc4 Nd7 9. Qe2 a6 10. 0-0 b5 11. Bd5 Rb8 12. Rad1 Bg7 13. Bb3 c5 14. e5 c4 15. Bc2 Nb6 16. e6 Bxe6 17. Bxg6 Bg4 18. Bb1 Qd7 19. h3 Bh5 20. Ne4 Nd5 21. Ng3 Bg6 22. Qd2 Bxb1 23. Rxb1 Rb7 24. Nh5 Qf5 25. Ng3 Qf6 26. Nh5 Qf5 27. Ng3 Qf6 28. Ne2 Rfb8 29. a3 a5 30. Nh2 b4 31. axb4 axb4 32. Ng4 Qg6 33. f4 bxc3 34. Nxc3 Nxc3 35. Qxc3 Qd3 36. Rbd1 Qxc3 37. bxc3 e6 38. f5 Rb2 39. f6 Bf8 40. Rf3 h5 41. Ne3 d5 42. Rg3+ Kh7 43. Rf1 Bh6 44. Nd1 Rd2 45. Kh1 Rb1 46. Ne3 Rxf1+ 47. Nxf1 Rd1 48. Rf3 Rc1 49. Kh2 Bf8 50. h4 Bd6+ 51. Kh3 Re1 52. g4 hxg4+ 53. Kxg4 Re4+ 54. Kh3 Rf4 55. Rxf4 Bxf4 56. Kg4 Bc1 57. Ng3 Bd2 58. Ne2 Kg6 0-1

[Event "Anna Gagarin Memorial"]
[Site "Anna"]
[Date "2014.04.30"]
[Round "2"]
[White "Astakhov, Alexander"]
[Black "Vechkanov, Valery"]
[Result "0-1"]
[WhiteElo "1745"]
[BlackElo "1852"]
[PlyCount "96"]
[EventDate "2014.04.30"]
[EventType "swiss"]
[EventRounds "9"]
[EventCountry "RUS"]
[SourceTitle "CBM 160 Extra"]
[Source "ChessBase"]
[SourceDate "2014.07.01"]
[SourceVersion "1"]
[SourceVersionDate "2014.07.01"]
[SourceQuality "1"]

1. c4 Nf6 2. Nc3 g6 3. e4 d6 4. d4 Bg7 5. Nf3 Bg4 6. h3 Bxf3 7. Qxf3 c6 8. Bd3 Nbd7 9. 0-0 0-0 10. Be3 e5 11. d5 c5 12. a3 a6 13. b4 b6 14. Rfb1 Qc7 15. b5 a5 16. a4 Qd8 17. Bg5 Qe7 18. Qe3 Rfe8 19. Be2 Qf8 20. Rf1 Re7 21. Rae1 h6 22. Bh4 g5 23. Bg3 Nh7 24. Bg4 Ndf6 25. Bf5 Bh8 26. f3 Qg7 27. Kf2 h5 28. Ke2 h4 29. Bh2 Nh5 30. Rf2 Nf4+ 31. Kd2 Nf6 32. g3 hxg3 33. Bxg3 N6h5 34. Rg1 Nxg3 35. Rxg3 Qh6 36. h4 Qxh4 37. Rg4 Qh6 38. Rf1 Kf8 39. Rfg1 f6 40. Qe1 Qh2+ 41. Ne2 Qxe2+ 42. Qxe2 Nxe2 43. Kxe2 Kf7 44. Be6+ Kg6 45. Ke3 Bg7 46. Rh4 Rh8 47. Bf5+ Kf7 48. Rg2 gxh4 0-1